El libro de horas

Saved in:
Bibliografiske detaljer
Hovedforfatter: Rilke, Rainer Maria (Author)
Format: Bog
Sprog:spansk
tysk
Udgivet: Barcelona Lumen 1999
Udgivelse:4a. ed
Serier:Poesía, 56
Fag:
Tags: Tilføj Tag
Ingen Tags, Vær først til at tagge denne postø!

MARC

LEADER 00000nam a2200000 a 4500
001 UCM2291
003 CL-VaPUC
008 020503e19990000SP |||||||||||||||||spa|d
041 0 7 |a spa  |2 CL-VaPUC 
041 0 7 |a ger  |2 CL-VaPUC 
082 0 4 |a 891.861  |b RIL  |2 21 
100 |a Rilke, Rainer Maria  |e author  |9 265571 
245 1 3 |a El libro de horas 
250 |a 4a. ed 
300 |a 225 p 
942 |c BK 
945 |d 20020503 00:00:00  |a vberengu 
260 |a Barcelona  |b Lumen  |c 1999 
500 |a Edición Bilingüe 
650 7 |a POESIAS CHECOESLOVACAS  |2 CL-VaPUC  |9 266295 
650 7 |a LITERATURA CHECOESLOVACA  |2 CL-VaPUC  |9 348950 
583 |a last modification  |c 20020503 00:00:00  |k Rodrigo Vera 
490 0 |a Poesía, 56 
999 |c 300202  |d 300200 
952 |0 0  |1 0  |4 0  |6 891_861000000000000_RIL_1999  |7 0  |8 A  |9 357648  |a BIBART  |b BIBART  |d 2019-11-21  |i 3812782  |o 891.861 RIL 1999  |p 3812782  |r 2025-03-13  |w 2019-11-21  |y BK  |k ART